Statistics for State/Province capitals closest to Portland

Click here to take the quiz!

General Stats

  • This quiz has been taken 10 times
  • The average score is 9 of 10

Answer Stats

Distance (Miles)Capital% Correct
344.87Boise
100%
463.38Carson City
100%
517.05Helena
100%
105.29Olympia
100%
483Sacramento
100%
690Edmonton
75%
43.73Salem
75%
636.19Salt Lake City
75%
203.41Victoria
75%
901.18Regina
63%

Score Distribution

Percentile by Number Answered

Percent of People with Each Score

Your Score History

You have not taken this quiz